Mindfulness for therapists : (Record no. 121756)

MARC details
000 -LEADER
fixed length control field 01215cam a2200337 i 4500
005 - DATE AND TIME OF LATEST TRANSACTION
control field 20240312111149.0
008 - FIXED-LENGTH DATA ELEMENTS--GENERAL INFORMATION
fixed length control field
020 ## - INTERNATIONAL STANDARD BOOK NUMBER
International Standard Book Number 9781118760420 (paperback)
040 ## - CATALOGING SOURCE
Original cataloging agency NUST
Transcribing agency NUST
049 ## - LOCAL HOLDINGS (OCLC)
Holding library MAIN
090 00 - LOCALLY ASSIGNED LC-TYPE CALL NUMBER (OCLC); LOCAL CALL NUMBER (RLIN)
Classification number (OCLC) (R) ; Classification number, CALL (RLIN) (NR) RC451.4.P79
Local cutter number (OCLC) ; Book number/undivided call number, CALL (RLIN) ZAR
100 1# - MAIN ENTRY--PERSONAL NAME
Personal name Zarbock, Gerhard,
Relator term author
245 10 - TITLE STATEMENT
Title Mindfulness for therapists :
Remainder of title understanding mindfulness for professional effectiveness and personal well-being /
Statement of responsibility, etc. Gerhard Zarbock, Siobhan Lynch, Axel Ammann and Silka Ringer
264 #1 - PRODUCTION, PUBLICATION, DISTRIBUTION, MANUFACTURE, AND COPYRIGHT NOTICE
Place of production, publication, distribution, manufacture Chichester, West Sussex :
Name of producer, publisher, distributor, manufacturer John Wiley & Sons,
Date of production, publication, distribution, manufacture, or copyright notice 2015
300 ## - PHYSICAL DESCRIPTION
Extent ix, 185 pages :
Other physical details illustrations ;
Dimensions 24 cm
336 ## - CONTENT TYPE
Content type term text
Content type code txt
Source rdacontent
337 ## - MEDIA TYPE
Media type term unmediated
Media type code n
Source rdamedia
338 ## - CARRIER TYPE
Carrier type term volume
Carrier type code nc
Source rdacarrier
500 8# - GENERAL NOTE
General note Includes index
504 ## - BIBLIOGRAPHY, ETC. NOTE
Bibliography, etc. note Includes bibliographical references
650 #0 - SUBJECT ADDED ENTRY--TOPICAL TERM
Topical term or geographic name entry element Psychotherapists
General subdivision Mental health
650 #0 - SUBJECT ADDED ENTRY--TOPICAL TERM
Topical term or geographic name entry element Meditation
General subdivision Therapeutic use
650 #0 - SUBJECT ADDED ENTRY--TOPICAL TERM
Topical term or geographic name entry element Awareness
650 12 - SUBJECT ADDED ENTRY--TOPICAL TERM
Topical term or geographic name entry element Health Personnel
650 12 - SUBJECT ADDED ENTRY--TOPICAL TERM
Topical term or geographic name entry element Mindfulness
700 1# - ADDED ENTRY--PERSONAL NAME
Personal name Lynch, Siobhan,
Titles and other words associated with a name Ph. D.,
Relator term author
700 1# - ADDED ENTRY--PERSONAL NAME
Personal name Ammann, Axel,
Relator term author
700 1# - ADDED ENTRY--PERSONAL NAME
Personal name Ringer, Silka,
Relator term author
907 ## - LOCAL DATA ELEMENT G, LDG (RLIN)
a .b10414903
b 02-03-22
c 02-03-22
942 ## - ADDED ENTRY ELEMENTS (KOHA)
Koha item type Ordinary Loan Books
Call number prefix RC451.4.P79
Call number suffix ZAR
Holdings
Date last seen Total Checkouts Full call number Barcode Accession number Cost, replacement price Price effective from Koha item type Lost status Source of classification or shelving scheme Damaged status Not for loan Collection Withdrawn status Home library Current library Shelving location Date acquired Source of acquisition Cost, normal purchase price
01/23/2023   RC451.4.P79ZAR 92004051535 58726 80.00 01/23/2023 BOOKS   lcc     NFIC   MAIN MAIN GEN 01/23/2023 BOOK AID 80.00
01/23/2023   RC451.4.P79 ZAR 92004051290   80.00 01/23/2023 BOOKS   LCC     NFIC   MAIN MAIN GEN 01/23/2023 Book Aid international 80.00
01/23/2023   RC451.4.P79 ZAR 92004051412   80.00 01/23/2023 BOOKS   LCC     NFIC   MAIN MAIN GEN 01/23/2023 Book Aid international 80.00
01/23/2023   RC451.4.P79 ZAR 92004051372   80.00 01/23/2023 BOOKS   LCC     NFIC   MAIN MAIN GEN 01/23/2023 Book Aid international 80.00
01/20/2023   RC451.4.P79 ZAR 92004051530 58725 80.00 01/20/2023 BOOKS   LCC     NFIC   MEDICAL MEDICAL GEN 01/20/2023 BOOK AID 80.00